[Event "XLV Sevilla Open 2020"]
[Site "Sevilla"]
[Date "2020.01.10"]
[Round "1.14"]
[White "Das, Arghyadip"]
[Black "Cruz Rodriguez, Israel"]
[Result "1-0"]
[WhiteElo "2451"]
[BlackElo "1764"]
[Annotator "TA"]
[PlyCount "115"]
[EventDate "2020.01.05"]
[EventType "swiss"]
[EventCountry "ESP"]
[SourceTitle "playchess.com"]
[Source "ChessBase"]
[SourceQuality "1"]

{[%evp 11,115,29,64,30,29,11,48,30,37,27,30,34,35,28,76,68,65,38,39,33,41,42,35,37,20,26,52,59,127,132,152,149,152,154,206,207,203,210,213,224,231,231,232,216,213,202,225,227,245,241,245,234,262,265,261,259,262,262,347,343,403,393,383,375,401,401,391,375,614,608,622,619,620,621,706,692,823,688,812,810,843,768,697,646,656,0,790,778,783,730,1109,1169,1072,1116,1548,1064,29982,29983,29983,29984,29984,29985,29985,29986,29983,29984]} 1. e4 d5 2. exd5 Qxd5 3. Nc3 Qa5 4. d4 c6 5. Bc4 Nf6 6. Bd2 Qc7 7. Qe2 {B01: Scandinavian Defence} (7. Nf3 Bg4 8. h3 Bxf3 9. Qxf3 e6 10. O-O-O Nbd7 11. g4 Nb6 12. Bb3 O-O-O 13. g5 Ne8 14. Ne4 Nd6 15. Bf4 Nd5 16. Be5 Qd7 17. Nxd6+ Bxd6 18. c4 Nc7 19. Bxg7 Rhg8 20. Bf6 Be7 {1-0 (63) Sethuraman,S (2673)-Akobian,V (2641) Saint Louis 2018}) 7... Bf5 8. h3 h5 9. Nf3 {White is slightly better.} e6 10. O-O-O Nbd7 11. Nh4 $146 ({Predecessor:} 11. Bb3 O-O-O 12. Bg5 Bd6 13. Kb1 Bf4 14. Bh4 Rhg8 15. Ng5 {1-0 (46) Kosteniuk,A (2552)-Paasikangas Tella,J (2243) Monaco 2017}) 11... Bh7 12. g4 {aiming for g5.} hxg4 13. hxg4 {Threatens to win with Bxe6!} O-O-O 14. Bb3 Bd6 15. g5 $36 {[%mdl 2048] Black is under pressure.} Nd5 {[#]} 16. g6 $1 {[%mdl 512] Bxd5 is the strong threat.} Nf4 (16... fxg6 17. Nf3) 17. Bxf4 Bxf4+ 18. Kb1 fxg6 19. Qxe6 Bg8 (19... g5 $14 20. Ng2 Bg8) 20. Qxg6 $16 Bxb3 21. axb3 Rh6 22. Qxg7 Rdh8 {[#]} (22... Nf6 $16 23. Qxc7+ Bxc7) 23. Ng6 $1 $18 Rxh1 24. Nxh8 Rxd1+ 25. Nxd1 Qd8 26. Ng6 Bd6 27. Qh8 Qxh8 28. Nxh8 {[%mdl 4096] Endgame KBN-KNN} Nf6 29. Nf7 Bh2 30. c3 Kd7 31. Kc2 b6 32. Ne5+ Kd6 33. Nd3 a5 34. Ne3 Kc7 35. Kd2 Kb7 36. Ke2 Bc7 37. f4 Ne4 38. Nc4 b5 39. Nce5 a4 $2 (39... Bd6 40. Ke3 Nf6 41. Nc5+ Bxc5) 40. bxa4 bxa4 41. Ke3 Nd6 42. Nc5+ Kb6 43. Nxa4+ Kb5 44. b3 Nf5+ 45. Kd3 Nd6 46. Kc2 Nf5 47. Kb2 Ne7 48. Kc2 $2 (48. c4+ $18 Ka6 49. Kc3) 48... Bd6 $2 {[%mdl 8192]} (48... Nf5 $11 49. c4+ Ka6 50. Nxc6 Kb7) 49. Kd3 Ka6 50. Ke4 Kb5 51. f5 Ng8 52. Ng4 Ka6 53. f6 Ne7 54. fxe7 {White mates.} Bxe7 55. Ke5 Kb7 56. Ke6 Bh4 57. Kd7 Bg3 58. Ne5 {Accuracy: White = 77%, Black = 42%.} 1-0

[Event "XLV Sevilla Open 2020"]
[Site "Sevilla"]
[Date "2020.01.10"]
[Round "1.15"]
[White "Ankitha Goud Palle"]
[Black "Panjwani, Raja"]
[Result "0-1"]
[WhiteElo "1761"]
[BlackElo "2444"]
[Annotator "TA"]
[PlyCount "92"]
[EventDate "2020.01.05"]
[EventType "swiss"]
[EventCountry "ESP"]
[SourceTitle "playchess.com"]
[Source "ChessBase"]
[SourceQuality "1"]

{[%evp 9,92,22,22,13,16,19,10,-8,46,9,12,14,20,10,8,5,11,-20,0,0,33,29,49,41,37,44,34,49,83,77,160,163,174,171,160,48,48,48,58,43,80,69,72,65,83,31,35,0,0,5,78,63,75,66,104,91,114,66,146,103,147,0,0,0,0,0,129,0,15,0,0,-198,-164,-286,-66,-29988,-29989,-29989,-29990,-29990,-29989,-29989,-29990,-29990,-5732]} 1. Nf3 g6 2. d4 Bg7 3. Nbd2 (3. g3 Nf6 4. Bg2 d5 5. O-O O-O 6. c4 c6 7. Nbd2 a5 8. b3 Bf5 9. Bb2 Ne4 10. Nh4 Nxd2 11. Qxd2 Be6 12. Nf3 h6 13. cxd5 Bxd5 14. Qd3 a4 15. e4 Be6 16. b4 a3 17. Bxa3 Qb6 18. b5 Qxb5 19. Qxb5 cxb5 20. Bxe7 {½-½ (42) Rakhmanov,A (2645)-Kamsky,G (2677) Moscow 2019}) 3... d5 4. b4 Nc6 $146 ({Predecessor:} 4... b6 5. c4 c5 6. e3 Nh6 7. Bd3 Nc6 8. a3 e5 9. dxe5 Nxe5 10. Nxe5 Bxe5 {0-1 (54) Conhoff,D-Barros,L (1774) Batumi 2018}) 5. c3 Nf6 6. e3 {A40: Unusual replies to 1 d4} O-O 7. Be2 a6 8. a4 {[#]The position is equal.} Ne4 (8... e5 $1 $11 {[%mdl 512]}) 9. Bb2 Nxd2 10. Nxd2 e5 11. b5 Na5 12. O-O Re8 13. Nf3 e4 14. Nd2 $1 Be6 15. bxa6 bxa6 16. Ba3 Qg5 17. Re1 f5 18. g3 h5 19. Qc2 f4 (19... h4 $142) 20. exf4 $16 Qf6 21. Rab1 Bf5 {And now ...e3 would win.} 22. Nf1 (22. Qa2 $16 Qc6 23. Nf1) 22... e3 $1 $14 23. Bd3 Nc4 24. Bc5 {[%cal Rf1e3]} exf2+ 25. Kxf2 h4 26. Bxf5 gxf5 27. Qd3 (27. Nd2 $16) 27... Re4 28. Ne3 Nxe3 $1 29. Rxe3 Qe6 {[#]} (29... Rae8 $11 30. Rxe4 dxe4) 30. Qe2 $1 $16 Qg6 31. Rxe4 fxe4 32. Kg2 Qf5 33. Rb7 h3+ (33... Bh6 $14) 34. Kg1 Re8 35. a5 ({Don't play} 35. Qxa6 $6 Qg4 $16) (35. Rxc7 $16 {Strongly threatening Rb7.} e3 36. Rb7) 35... e3 $11 36. Ba3 ({But not} 36. Rxc7 $2 Qb1+ 37. Qf1 Qc2 $19) 36... Qd7 37. Rb1 Qc6 (37... Qf5 $11 38. Rb2 Qe4) 38. Bb4 ({White should play} 38. Qd3 $16) 38... Qg6 39. Rf1 Qe4 $40 {[%mdl 128] Black mounts an attack.} 40. Rf3 $2 {[#]} (40. Re1 $11 {and White is okay.}) 40... Bf8 $1 $19 41. Bxf8 (41. Bc5 {might work better.}) 41... Kxf8 42. Qxa6 $2 {[%mdl 8192] KQR-KQR} (42. Rf1 $15) 42... e2 {Black mates.} ({And not} 42... Qxf3 43. Qf6+ Kg8 44. Qg6+ Kf8 45. Qf6+ Kg8 46. Qg6+ Kf8 47. Qf6+ $11) 43. Qf6+ Kg8 44. Qg5+ Kh7 45. Qh5+ Kg7 46. Qg5+ Qg6 {Accuracy: White = 36%, Black = 59%.} (46... Kf7 $142 47. Qh5+ Ke7 48. Qh4+ Kd6 49. Qh6+ Re6 50. Qf8+ Kd7 51. Qf7+ Re7 52. Qf5+ Qxf5 53. Rf1 exf1=Q+ 54. Kxf1 Qe4 55. g4 Qg2#) 0-1

[Event "XLV Sevilla Open 2020"]
[Site "Sevilla"]
[Date "2020.01.10"]
[Round "1.16"]
[White "Chen, Qi b"]
[Black "Suarez Fernandez, Enrique Oliver"]
[Result "1-0"]
[WhiteElo "2432"]
[BlackElo "1757"]
[Annotator "TA"]
[PlyCount "69"]
[EventDate "2020.01.05"]
[EventType "swiss"]
[EventCountry "ESP"]
[SourceTitle "playchess.com"]
[Source "ChessBase"]
[SourceQuality "1"]

{[%evp 10,69,16,-4,28,28,30,29,30,27,159,147,152,149,175,127,238,204,222,179,293,283,271,279,338,339,384,383,386,383,396,392,397,397,465,381,397,391,391,391,391,397,439,418,440,435,422,408,507,508,656,640,621,629,685,624,1181,1040,12837,12838,29983,29984]} 1. e4 c5 2. Nf3 Nc6 3. Bb5 e6 4. Bxc6 bxc6 5. d3 Ne7 6. Qe2 d5 {B30: Sicilian: 2...Nc6 3 Bb5, lines without ...g6} (6... d6 7. e5 dxe5 8. Qxe5 Ng6 9. Qe4 Qd5 10. Nc3 Qxe4+ 11. Nxe4 f5 12. Ned2 Be7 13. Nc4 Ba6 14. Nfe5 Nxe5 15. Nxe5 {½-½ (43) Onischuk,V (2637)-Yu,Y (2751) Riadh 2017}) 7. b3 Ng6 8. h4 Qc7 {White has an edge.} 9. e5 d4 $146 (9... Ne7 $11) ({Predecessor:} 9... h5 10. c4 f6 11. Bb2 Be7 12. g3 a5 13. Nc3 Nxe5 14. Nxe5 Qxe5 15. Qxe5 fxe5 {1-0 (45) Svetushkin,D (2588)-Miton,K (2624) Haguenau 2013}) 10. h5 $16 Ne7 {[#]} 11. h6 $1 Ng6 12. g3 a5 (12... f5 $16 {was worth a try.}) 13. a4 Bb7 14. Bg5 Kd7 (14... gxh6 $142 15. Bxh6 Bxh6) 15. Nbd2 $18 gxh6 16. Bxh6 Be7 17. Bg7 h5 18. Bxh8 Rxh8 19. Nc4 h4 20. Nxh4 Ba6 21. O-O-O {[#] And now Nxg6 would win.} Bxc4 22. dxc4 {Nxg6 is the strong threat.} Bxh4 23. gxh4 Qxe5 24. Qxe5 Nxe5 {[%mdl 4096] Endgame KRR-KRN} 25. Rdg1 Ke7 26. Rg5 Kf6 27. f4 Nd7 28. Kb2 Ke7 29. h5 Rh7 30. h6 Kf8 31. Rh3 f6 32. Rg6 Kf7 33. Rhg3 {Intending Rg7+ and mate.} Nf8 34. Rg7+ Ke8 35. Rxh7 {Accuracy: White = 87%, Black = 15%.} 1-0

[Event "XLV Sevilla Open 2020"]
[Site "Sevilla"]
[Date "2020.01.10"]
[Round "1.17"]
[White "Munoz Jorva, Miguel Angel"]
[Black "Pap, Misa"]
[Result "0-1"]
[WhiteElo "1755"]
[BlackElo "2427"]
[Annotator "TA"]
[PlyCount "34"]
[EventDate "2020.01.05"]
[EventType "swiss"]
[EventCountry "ESP"]
[SourceTitle "playchess.com"]
[Source "ChessBase"]
[SourceQuality "1"]

{[%evp 10,74,30,28,35,2,0,2,19,0,0,-2,62,-19,-14,-27,38,28,25,-4,0,-51,8,-57,-51,-69,-72,-102,0,-68,-14,-94,47,-130,-38,-53,-59,-70,0,-87,-57,-104,-99,-140,-138,-147,-127,-377,-370,-361,-380,-370,-374,-417,-417,-452,-447,-473,-458,-482,-482,-523,-509,-562,-555,-532,-518]} 1. d4 f5 2. g3 Nf6 3. Bg2 e6 4. Nf3 Be7 5. b3 O-O 6. O-O Ne4 {A81: Dutch Defence: 2 g3} (6... d6 7. Bb2 Qe8 8. Nbd2 Nc6 9. e3 Bd7 10. c4 Qh5 11. Ne1 Qh6 12. Nd3 Rae8 13. d5 Nd8 14. dxe6 Nxe6 15. Nf4 c6 16. Nxe6 Bxe6 17. Nf3 Ng4 18. h3 Nf6 19. Qc2 Ne4 20. Rad1 {½-½ (37) Kasimdzhanov,R (2669)-Nisipeanu,L (2641) Khanty-Mansiysk 2011}) 7. Nfd2 d5 8. Nxe4 fxe4 {The position is equal.} 9. Ba3 $146 ({Predecessor:} 9. f3 exf3 10. exf3 Bf6 11. Ba3 Re8 12. f4 Na6 13. c3 Bd7 14. b4 {1-0 (41) Gross,G (2237)-Kaster,M (2091) Germany 2018}) 9... Bxa3 10. Nxa3 c5 (10... Qe7 $11 11. Nb1 b6) 11. c3 (11. dxc5 $14 Qa5 12. Qc1) 11... Qa5 $11 12. Qc1 Nc6 (12... cxd4 $1 $11 13. cxd4 Bd7) 13. dxc5 $14 Qxc5 14. b4 Qb6 15. Nc2 ({White should try} 15. Rb1 $11) 15... Bd7 (15... Ne5 $15) 16. Qe3 (16. c4 $1 $11) 16... Ne5 $15 17. a4 Rfc8 {Played: Ra8-c8} 0-1

[Event "XLV Sevilla Open 2020"]
[Site "Sevilla"]
[Date "2020.01.11"]
[Round "2.1"]
[White "Grigoryan, Karen H."]
[Black "Pozo Prior, Jose Antonio"]
[Result "1-0"]
[WhiteElo "2632"]
[BlackElo "2016"]
[Annotator "TA"]
[PlyCount "49"]
[EventDate "2020.01.05"]
[EventType "swiss"]
[EventCountry "ESP"]
[SourceTitle "playchess.com"]
[Source "ChessBase"]
[SourceQuality "1"]

{[%evp 9,49,33,66,68,63,58,54,50,64,65,86,30,32,41,55,47,60,30,48,58,122,131,142,132,206,194,212,200,199,146,152,149,320,310,767,583,1953,2024,1938,1915,1672,1608]} 1. e4 c5 2. Nf3 g6 3. c3 Bg7 4. d4 cxd4 5. cxd4 Nc6 6. d5 {B22: Sicilian: 2 c3} (6. Nc3 d6 7. h3 Nf6 8. Be3 O-O 9. Be2 a6 10. O-O b5 11. d5 Nb8 12. a4 b4 13. Na2 Nxe4 14. Nxb4 Bxb2 15. Bd4 Nc3 16. Qd2 Nxe2+ 17. Qxe2 Bxd4 18. Nxd4 {0-1 (42) Gaponenko,I (2406)-Gvetadze,S (2308) Tbilisi 2018}) 6... Ne5 7. Nxe5 Bxe5 8. Nc3 {White is slightly better.} d6 9. f4 Bg7 10. Bb5+ (10. Be3 $16) 10... Bd7 $11 11. Bxd7+ $146 ({Predecessor:} 11. Qa4 Bxc3+ 12. bxc3 Nf6 13. Bxd7+ Qxd7 14. Qd4 O-O {0-1 (28) Osman,G (1631)-Habibur,R (1993) Dhaka 2018}) 11... Qxd7 12. O-O Nh6 13. f5 O-O 14. Bf4 f6 ({Black should play} 14... Kh8 $14) 15. Ne2 $16 {[%cal Bc3e2,Be2d4,Bd4e6][%mdl 32]} Nf7 16. Nd4 Nd8 (16... Rfc8 $16) 17. Rc1 Rc8 18. Rxc8 Qxc8 19. Qd3 ({White should try} 19. a3 $18) 19... Qd7 20. Qg3 Kf7 $2 {[#]} (20... Qa4 $16 21. Qc3 Qxa2) 21. Ne6 $18 Rg8 $2 (21... Qa4 22. Nxf8 Bxf8 23. fxg6+ hxg6) 22. Qh3 {White is clearly winning.} h5 23. fxg6+ Ke8 24. Nxg7+ Rxg7 25. Qxh5 {Accuracy: White = 73%, Black = 24%.} 1-0

[Event "XLV Sevilla Open 2020"]
[Site "Sevilla"]
[Date "2020.01.11"]
[Round "2.2"]
[White "Maza Lopez De Los M., Santiago"]
[Black "Lu, Shanglei"]
[Result "0-1"]
[WhiteElo "2006"]
[BlackElo "2611"]
[Annotator "TA"]
[PlyCount "52"]
[EventDate "2020.01.05"]
[EventType "swiss"]
[EventCountry "ESP"]
[SourceTitle "playchess.com"]
[Source "ChessBase"]
[SourceQuality "1"]

{[%evp 11,96,16,13,-24,-26,-17,-35,-50,-47,-94,-94,-122,-125,-147,-137,-146,-69,-81,-54,-99,-89,-92,-72,-79,-55,-56,-74,-94,-87,-95,-72,-72,-73,-103,-47,-85,-83,-76,-86,-85,-76,-90,-76,-117,-79,-89,-106,-113,-116,-169,-167,-166,-152,-227,-226,-213,-210,-210,-209,-407,-417,-392,-395,-395,-396,-508,-516,-513,-509,-518,-518,-503,-479,-530,-456,-453,-460,-497,-482,-561,-606,-561,-561,-762,-732,-702,-675]} 1. e4 c5 2. Nf3 e6 3. Nc3 Nc6 4. Bb5 Nge7 5. O-O a6 6. Bxc6 Nxc6 7. d3 {B30: Sicilian: 2...Nc6 3 Bb5, lines without ...g6} (7. d4 cxd4 8. Nxd4 d6 9. Re1 Be7 10. Nxc6 bxc6 11. Qg4 Bf6 12. e5 dxe5 13. Ne4 O-O 14. Bh6 Kh8 15. Rad1 Qe7 16. Be3 Rg8 17. Bc5 Qc7 18. Nxf6 gxf6 19. Qh4 {1-0 (43) Safarli,E (2601)-Can,E (2600) Moscow 2019}) 7... Be7 8. Re1 O-O 9. b3 $146 {Black is slightly better.} ({Predecessor:} 9. Bf4 d6 10. Qd2 Nd4 11. Nxd4 cxd4 12. Ne2 e5 13. Bg3 Be6 14. c3 Qa5 15. Red1 dxc3 16. Nxc3 Qb6 {½-½ (16) Pezelj,N (2279)-Stojanovic,D (2441) Sombor 2004}) 9... b5 10. e5 f6 $1 11. Bd2 Bb7 12. Rb1 {[#]} fxe5 $1 13. Nxe5 {[#]} Nd4 ({Black should play} 13... Bh4 $1 $17 {[%cal Rh4f2]} 14. Nf3 Nd4) 14. Ne4 $15 d6 15. Ng4 Qe8 16. c3 Nf5 17. Ne3 Nh4 18. Qg4 Qf7 19. Re2 Ng6 {And now ...Nf4 would win.} 20. Nf1 e5 21. Ng5 Qd5 22. Qe4 h6 (22... Qxe4 $17 23. Nxe4 d5) 23. Qxd5+ Bxd5 24. Ne4 c4 25. dxc4 bxc4 26. Nfg3 cxb3 {Played: Ra8-b8} 0-1

[Event "XLV Sevilla Open 2020"]
[Site "Sevilla"]
[Date "2020.01.11"]
[Round "2.3"]
[White "Pridorozhni, Aleksei"]
[Black "Ruiz Rodriguez, Jose Manuel"]
[Result "1-0"]
[WhiteElo "2601"]
[BlackElo "2002"]
[Annotator "TA"]
[PlyCount "39"]
[EventDate "2020.01.05"]
[EventType "swiss"]
[EventCountry "ESP"]
[SourceTitle "playchess.com"]
[Source "ChessBase"]
[SourceQuality "1"]

{[%evp 10,63,9,13,53,37,55,8,268,269,283,282,320,295,410,409,427,413,432,410,391,418,372,389,508,499,497,445,404,318,580,529,518,510,513,505,488,485,502,473,475,469,564,563,601,585,533,533,533,528,514,528,1293,1275,1242,1233]} 1. e4 c5 2. Nc3 a6 3. g3 b5 4. Bg2 Bb7 5. d3 e6 6. Nh3 Ne7 {B23: Closed Sicilian: Lines without g3} (6... d6 7. O-O b4 8. Ne2 Nf6 9. f4 Nbd7 10. Nf2 h5 11. h3 Qc7 12. a3 a5 13. c3 bxc3 14. bxc3 {0-1 (61) Predke,A (2632)-Fedorchuk,S (2633) Riga 2019}) 7. O-O d5 8. f4 g6 $146 {[%mdl 8192] [#]} (8... d4 $11 9. Nb1 Nd7) ({Predecessor:} 8... d4 9. Ne2 g6 10. g4 f5 11. Ng3 Bg7 12. Ng5 Qd7 13. exf5 Bxg2 14. fxe6 {0-1 (52) Debray,T (2134)-Doncea,V (2451) Lyon 2007}) 9. f5 $1 $18 {[%cal Rf5e6][%mdl 512]} exf5 10. exf5 b4 11. Na4 Nxf5 12. g4 Nd4 13. Ng5 f6 14. c3 h6 15. Re1+ ({Resist} 15. cxd4 hxg5 16. Qe1+ (16. Nxc5 Bxc5 17. dxc5 O-O $16) (16. dxc5 Qc7 $16) 16... Qe7 $18) 15... Be7 16. Nh3 (16. cxd4 hxg5 17. Nxc5 Bc8 $16) 16... bxc3 17. bxc3 Nb5 18. Nf4 Kf7 19. Qe2 {Qe6+ is the strong threat.} Qd6 $2 {[#]} (19... Bd6 {might work better.} 20. Ne6 (20. Bxd5+ Bxd5 21. Nxd5 Nd7 $16) (20. Nxd5 Nd7 $16) 20... Qe8) 20. Nxd5 {Played: Qe2xe7} 1-0

[Event "XLV Sevilla Open 2020"]
[Site "Sevilla"]
[Date "2020.01.11"]
[Round "2.4"]
[White "Linan Molina, Daniel"]
[Black "Bernadskiy, Vitaliy"]
[Result "0-1"]
[WhiteElo "2001"]
[BlackElo "2588"]
[Annotator "TA"]
[PlyCount "86"]
[EventDate "2020.01.05"]
[EventType "swiss"]
[EventCountry "ESP"]
[SourceTitle "playchess.com"]
[Source "ChessBase"]
[SourceQuality "1"]

{[%evp 9,86,16,25,0,13,-6,1,-16,-7,-12,-10,-10,12,-24,-10,-2,29,33,26,27,77,64,92,0,0,0,0,0,0,13,10,-258,-250,-252,-250,-239,-239,-323,-335,-320,-315,-316,-315,-325,-313,-318,-330,-312,-282,-282,-282,-282,-282,-282,-282,-257,-239,-257,-257,-415,-393,-1126,-1168,-1055,-1031,-920,-740,-1230,-1132,-29980,-29981,-29981,-29982,-29983,-29984,-29984,-29985,-29985,-29986]} 1. e4 c5 2. Nf3 Nc6 3. Bb5 g6 4. Nc3 Bg7 5. O-O d6 6. d3 {B31: Sicilian: 2...Nc6 3 Bb5 g6} (6. d4 {keeps more tension.} cxd4 7. Nxd4 Bd7 8. Be3 Nf6 9. Be2) (6. Re1 Bd7 7. a4 Nf6 8. d3 O-O 9. Bg5 h6 10. Bh4 g5 11. Bg3 Nh5 12. Ne5 Nxe5 13. Bxe5 Bxe5 14. Qxh5 Kh7 15. Nd1 e6 16. c3 Bxb5 17. axb5 {1-0 (44) Nepomniachtchi,I (2757)-Gelfand,B (2703) Jerusalem 2018}) 6... Bd7 7. Bxc6 Bxc6 8. Be3 {The position is equal.} Nf6 9. Qd2 h6 $146 ({Predecessor:} 9... O-O 10. Bh6 Rc8 11. Bxg7 Kxg7 {½-½ (38) Dao,L (1835)-Vo,M (1562) Ho Chi Minh City 2014}) 10. h3 e5 11. Ne2 Nh5 12. Ng3 f5 13. exf5 Bxf3 14. gxf3 Qh4 15. Kh2 $1 (15. fxg6 Qxh3 16. Qc3 Nxg3 $17) 15... d5 16. Qe2 (16. fxg6 d4 $15) (16. Rg1 $16) 16... O-O $1 $36 {[%mdl 2048] White is under pressure.} 17. Rg1 {Nxh5 is the strong threat.} Nf4 18. Bxf4 $1 exf4 19. Qe6+ {[%mdl 64] Double Attack} Kh8 20. Nf1 $2 {[%mdl 8192] [#]} (20. Nh1 $11 Qf6 21. Rxg6 Qxf5 22. Rag1 Qxe6 23. Rxe6) 20... Rae8 $1 $19 {[%cal Re8e6]} ({Inferior is} 20... Bxb2 21. Rb1 $11) (20... Rxf5 21. Qxg6 Rg5 22. Rxg5 $11) (20... gxf5 21. Re1 $17) 21. Qxg6 {[%csl Gg1][%cal Rg6g7]} Bxb2 22. Rg4 Qxf2+ {[%mdl 64] Double Attack} 23. Rg2 {[#]} Qxg2+ $1 {[%mdl 512]} 24. Qxg2 Bxa1 25. Qg6 Bg7 26. h4 Re1 27. Kg2 {[#]} Rg8 $1 28. Kf2 Bd4+ {[%mdl 64] Discovered Attack} 29. Kxe1 {[%cal Rg6h6]} Rxg6 30. fxg6 {[%mdl 4096] Endgame KB-KN} h5 31. Nd2 Kg7 32. Ke2 Bf6 ({But not} 32... Kxg6 33. Nb3 $19) 33. Nb3 b6 ({Resist} 33... Kxg6 34. Nxc5 b6 35. Nd7 $17) 34. Kd2 $2 (34. c4) 34... Kxg6 35. d4 $2 (35. a4) 35... c4 36. Nc1 Bxd4 37. Ne2 Be5 38. c3 Kf5 39. Nd4+ Bxd4 {Black mates.} 40. cxd4 Ke6 41. Kc3 Kd6 42. Kb4 Kc6 43. Ka4 a5 {Accuracy: White = 34%, Black = 75%.} 0-1

[Event "XLV Sevilla Open 2020"]
[Site "Sevilla"]
[Date "2020.01.11"]
[Round "2.5"]
[White "Li, Di"]
[Black "Filipovich, David"]
[Result "1-0"]
[WhiteElo "2562"]
[BlackElo "1995"]
[Annotator "TA"]
[PlyCount "63"]
[EventDate "2020.01.05"]
[EventType "swiss"]
[EventCountry "ESP"]
[SourceTitle "playchess.com"]
[Source "ChessBase"]
[SourceQuality "1"]

{[%evp 14,63,47,45,37,32,45,37,53,46,44,47,61,49,45,34,42,35,36,14,49,34,174,159,173,158,172,150,166,82,76,72,126,111,105,101,117,131,215,221,203,188,225,32,224,206,199,160,686,652,2441,594]} 1. d4 g6 2. e4 Bg7 3. Nf3 d6 4. Bd3 Nf6 5. O-O O-O 6. Re1 Nc6 7. c3 e5 8. h3 a5 {B07: Pirc Defence: Miscellaneous Systems} 9. a3 b6 $146 ({Predecessor:} 9... a4 10. Bc2 b5 11. Be3 Nd7 12. Nbd2 Na5 13. dxe5 dxe5 14. c4 bxc4 15. Bxa4 Ba6 16. b4 cxb3 17. Nxb3 Nxb3 18. Bxb3 {1-0 (63) Roiz,M (2579)-Naiditsch,A (2715) Bilbao 2014}) 10. Bg5 Bb7 {White is slightly better.} 11. d5 Ne7 12. c4 h6 13. Be3 Nd7 14. Qc1 Kh7 15. Nc3 f5 16. exf5 gxf5 17. Nh4 e4 {[#]} (17... Nc5 $14 18. Bxf5+ Nxf5 19. Nxf5 Rxf5) 18. Nxe4 $1 $18 {[%mdl 512] Hoping for Nxf5!} Ne5 (18... fxe4 19. Bxe4+) 19. Bb1 fxe4 20. Bxe4+ N7g6 21. Nf5 (21. g3 $1 $18 {is more deadly.}) 21... Rxf5 $16 22. Bxf5 Bc8 (22... Qf6 $142 23. Be4 Kg8) 23. Be4 {Black must now prevent f4.} Qf6 24. f4 Nd7 25. Qc2 Nc5 (25... Ndf8 $16 {might work better.}) 26. Bxc5 $1 $18 bxc5 {[#]} 27. Re3 $1 {[%cal Re3g3] Strongly threatening Rg3.} Bd7 {[#]} 28. Rae1 $2 (28. Rg3 $1 $18) 28... Be8 $2 ({Better is} 28... Rf8 $1 $14) 29. Rg3 Bf7 30. Kh1 Re8 $2 {[#]} (30... Rb8 $16) 31. Rxg6 $1 {[%mdl 512]} Rxe4 (31... Bxg6 32. Bxg6+) 32. Rxg7+ {Accuracy: White = 45%, Black = 40%.} ({Worse is} 32. Qxe4 Bxg6 33. Qf3 Qxb2 $11) (32. Rxf6 $142 Bxf6 33. Qxe4+ Kg7 34. Qf5) 1-0

[Event "XLV Sevilla Open 2020"]
[Site "Sevilla"]
[Date "2020.01.11"]
[Round "2.6"]
[White "Ataide Molina, Jose Maria"]
[Black "Shevchenko, Kirill"]
[Result "0-1"]
[WhiteElo "1993"]
[BlackElo "2553"]
[Annotator "TA"]
[PlyCount "56"]
[EventDate "2020.01.05"]
[EventType "swiss"]
[EventCountry "ESP"]
[SourceTitle "playchess.com"]
[Source "ChessBase"]
[SourceQuality "1"]

{[%evp 9,56,0,0,-8,0,-33,-31,-47,31,-38,-13,-59,-54,-61,-61,-74,-72,-86,-89,-79,-68,-93,-88,-110,-103,-122,-63,-75,-48,-83,-83,-170,-165,-161,-177,-176,-64,-171,-164,-202,-179,-204,-132,-126,-138,-622,-640,-635,-594]} 1. d4 Nf6 2. Bf4 b6 3. e3 Bb7 4. Nf3 g6 5. Nc3 (5. Nbd2 Bg7 6. h3 O-O 7. Be2 c5 8. O-O Nc6 9. c3 d6 10. Bh2 a6 11. a4 Qc7 12. Qb3 Rab8 13. Qa3 Rfc8 14. Rac1 Qd8 15. Rfd1 Ra8 16. Qa2 cxd4 17. exd4 b5 18. Nf1 {1-0 (45) Nyzhnyk,I (2624)-Iturrizaga Bonelli,E (2637) chess.com INT 2019}) 5... Bg7 6. h4 {A47: 1 d4 Nf6 2 Nf3 b6: Torre, London and Colle Systems} d6 7. Qd2 $146 ({Predecessor:} 7. Bc4 h6 8. Qe2 a6 9. Bb3 Nbd7 10. e4 c5 11. e5 {0-1 (50) Petrekanovic,M (2127)-Brkic,Z (2105) Belgrade 2019}) 7... Nbd7 8. O-O-O {Black is slightly better.} e6 (8... O-O $15) 9. Bc4 (9. Bd3 $14) 9... a6 10. Qe2 d5 11. Bd3 c5 {...c4 is the strong threat.} 12. Qe1 c4 13. Bf1 b5 {[%cal Bb6b5,Bb5b4][%mdl 32]} 14. Ne5 b4 15. Nb1 a5 $36 {[%mdl 2048] Keeping White busy.} 16. f3 h5 17. Be2 Nb6 ({Black should try} 17... Qb6 $17 18. c3 O-O) 18. c3 Qe7 19. Qd2 Nfd7 20. g4 (20. Bg5 $17 Bf6 21. Bxf6 Nxf6 22. a3) 20... Nxe5 $19 21. dxe5 hxg4 22. fxg4 Qc7 ({Better is} 22... Rxh4 $19 {Strongly threatening ...Nd7.} 23. Rxh4 Qxh4) 23. Rh3 (23. h5 $1 $15) 23... Nd7 {[%cal Bb6d7,Bd7c5,Bc5e4][%mdl 32]} ({Much less strong is} 23... Bxe5 24. Bxe5 Qxe5 25. cxb4 $17) 24. h5 Nc5 25. Qd4 g5 26. Bxg5 {[#]} Ne4 $1 {[%cal Re4g5]} 27. Bf6 $2 {[%mdl 8192]} (27. Bf4 $17) 27... Bxf6 28. exf6 e5 {Accuracy: White = 23%, Black = 58%.} 0-1